000 00943nam0a22002651 4500
001 rc\202718
005 20250620231535.0
010 _a5-88543-103-5
_95000
035 _a(NLR Aleph) 005455236
090 _a4899931
_c4899931
100 _a20030307d1997 |||y0rusy50 ca
101 0 _arus
102 _aRU
105 _aa |||||||||
200 1 _aВеселые задачи
_eСб. задач. по математике для мл. школьников
_eПособие для учителя нач. классов
_fА.П. Тонких, Д.А. Стогова, С.В. Голощапова
205 _a2-е изд.
210 _aБрянск
_cИзд-во БГПУ
_d1997
215 _a110 с.
_cил.
_d20
320 _aБиблиогр.: с. 108-109
700 1 _aТонких
_bА.П.
_gАлександр Павлович
801 0 _aRU
_bNLR
_gpsbo
801 1 _aRU
_bELAR
_2rusmarc
852 _aNLR
_j97-8/9393
942 _cBOOK
980 _aNB